Dance your way to fitness : (Record no. 1362)

MARC details
000 -LEADER
fixed length control field 00636nam a22001937a 4500
005 - DATE AND TIME OF LATEST TRANSACTION
control field 20230222032955.0
008 - FIXED-LENGTH DATA ELEMENTS--GENERAL INFORMATION
fixed length control field 230222b |||||||| |||| 00| 0 eng d
020 ## - INTERNATIONAL STANDARD BOOK NUMBER
International Standard Book Number 978-971-23-4524-1
082 ## - DEWEY DECIMAL CLASSIFICATION NUMBER
Classification number Fil. 793.3 J61 2006
100 ## - MAIN ENTRY--PERSONAL NAME
Personal name Jimena, Edgar C.,
Relator term author.
245 ## - TITLE STATEMENT
Title Dance your way to fitness :
Remainder of title a textbook in college P.E. 2 /
Statement of responsibility, etc. Edgar C. Jimena and Jesse D. Dagoon, coordinator.
250 ## - EDITION STATEMENT
Edition statement 1st ed.
260 ## - PUBLICATION, DISTRIBUTION, ETC.
Place of publication, distribution, etc. Manila :
Name of publisher, distributor, etc. Rex Book Store,
Date of publication, distribution, etc. c2006.
300 ## - PHYSICAL DESCRIPTION
Extent viiv, 105 p. ;
Other physical details ill.
504 ## - BIBLIOGRAPHY, ETC. NOTE
Bibliography, etc. note Includes bibliographical references and index.
541 ## - IMMEDIATE SOURCE OF ACQUISITION NOTE
Accession number 3122
650 ## - SUBJECT ADDED ENTRY--TOPICAL TERM
Topical term or geographic name entry element Dance
700 ## - ADDED ENTRY--PERSONAL NAME
Personal name Dagoon, Jesse D.,
Relator term author.
Holdings
Withdrawn status Lost status Source of classification or shelving scheme Damaged status Not for loan Home library Current library Date acquired Total Checkouts Full call number Barcode Date last seen Price effective from Koha item type
    Dewey Decimal Classification     ctu-moalboal ctu-moalboal 01/07/2013   Fil. 793 J61 2006 3122 02/22/2023 02/22/2023 Books-Filipiniana